000 00547nam a2200193Ia 4500
003 OSt
005 20251205140903.0
008 210719s1975 xx 000 0 und d
040 _cAL
041 _aKannada
082 _aK894.1 RAGH
100 _aRAGHAVANKA
_dರಾಘವಂಕ
_9247851
245 _aHarishchandra kavyam.
_b ಹರಿಶ್ಚಂದ್ರ ಕಾವ್ಯಂ.
260 _aMaisuru
_bPrachyakavya Prakasha Mandira
_c1975
300 _aiv,276
_bPB
365 _b15
_cRs
650 _aKannada Poetry
_9247852
942 _2ddc
_cBK
999 _c213064
_d213064